000 00649nam a2200193 a 4500
005 20140310183304.0
008 050713s19uu xx 00 eng d
020 _a0-8144-7175-7
050 _aTK 5105.78
_b.Sh525 2003
100 _aShaw, Russell
245 _aWireless networking made easy :
_beverything you need to know to build your own PANs, LANs, and WANs /
_cRussell Shaw.
260 _aNew York, NY :
_bAMACOM,
_cc2003.
300 _a259 p. :
_bill. ;
_c29 cm.
521 _aIT
650 _aWireless local area networks
_xAmateurs' manuals.
650 _aWide area networks
_xAmateurs' manuals.
942 _cBK
_2lcc
_kFOR
999 _c21051
_d21051